000 01084nam a2200241Ia 4500
999 _c4728
_d4728
003 OSt
005 20200326114529.0
008 191128s2013 ck gr 001 0 spa d
040 _aCO-JMCR
_cCO-JMCR
082 0 4 _a025.1714 /
_bI59i
110 2 _aInstituto Colombiano de normas técnicas y certificación, INCONTEC
_91896
245 2 0 _aInformación y documentación : Sistemas de gestión para registros :
_bFundamentos y vocabulario /
_cInstituto Colombiano de normas técnicas y certificación, INCONTEC
260 _aBogotá :
_bIcontec,
_c2013.
300 _a19 páginas ;
_c 28 cm
490 0 _aNorma técnica colombiana
500 _aNorma técnica colombiana NTC-ISO 30300
505 _aObjetivo y campo de aplicaciones -- Fundamentos de un SGR -- Relación entre el SGR y el sistema de gestión -- Contexto de la organización -- Nececidad de la organización
546 _aspa
650 1 4 _aGestión de documentos digitales
_91923
650 2 4 _aSistemas de gestión documental
_91924
650 2 4 _aRegistros digitales.
_xDocumentos de archivo
_91925
942 _2ddc
_cBK